| 000 | 00740nas a2200241 4500 | ||
|---|---|---|---|
| 001 | BR8503225 | ||
| 003 | BR-BrBNA | ||
| 005 | 20231205090238.0 | ||
| 007 | ta | ||
| 008 | 230509b bl.|||p| |||| 00| 00por d | ||
| 040 |
_aBR-BrBNA _bpor _cBiblioteca Nacional de Agricultura |
||
| 041 | _a(Pt) | ||
| 072 | _aL01 | ||
| 100 | 1 | _aRios, R.L. | |
| 245 | 1 | _aVenda mais leite sem sacrificar o bezerro; vantagens do desmame precoce de bezerros, com aleitamento artificial | |
| 650 | _aGADO LEITEIRO | ||
| 650 | _aBEZERRO | ||
| 650 | _aDESMAMA | ||
| 650 | _aALEITAMENTO ARTIFICIAL | ||
| 773 | 0 |
_tGranja (Brazil) _xISSN 0367-505X _g(May 1985), (no. 448) p. 18-19 _wBR8503225 |
|
| 909 |
_a202311 _bLúcia _c55 _dLúcia Elande |
||
| 942 |
_2AGRIS _n0 _cANA |
||
| 999 |
_c117092 _d117092 |
||